000 00702cpcaa2200217 4500
001 mm 79005980
003 DLC
005 20260227111653.0
008 790124|||||||||||| eng
010 _amm 79005980
040 _aDLC
_cDLC
_edacs
_dDLC
072 7 _aC
_2lcmd
100 1 _aBraxton, Carter.
245 0 0 _aCarter Braxton correspondence,
_f1808.
300 _a1
_fitem.
506 0 _aOpen to research.
533 _aNegative photocopy.
_b[S.l.].
546 _aCollection material in English.
580 _aForms part of: Miscellaneous Manuscripts collection.
999 _c42080
_d42080